000 00374 a2200109 4500
001 ART_42197
005 20260410161806.0
008 260409a
245 1 0 _aEl estatuto del comerciante no deviene aplicable al civil concursado o quebrado
100 1 _aJunyent Bas, Francisco
773 0 _tDoctrina Societaria y Concursal
_g- NÂș 297 (ago. 2012)
_wREV4298
999 _c21041
_d21041